Có nên bằng cấp hóa tiêu chuẩn đại biểu quốc hội /

Gespeichert in:
Bibliographische Detailangaben
1. Verfasser: Nguyễn Thị Phương.
Format: Artikel
Sprache:Vietnamese
Schlagworte:
Tags: Tag hinzufügen
Keine Tags, Fügen Sie den ersten Tag hinzu!
Thư viện lưu trữ: Thư viện Trường Đại học Đà Lạt
LEADER 00790nam a2200265 4500
001 DLU120135049
005 ##20120516
040 # # |a DLU  |b vie 
041 # # |a vie 
044 # # |a vn 
100 # # |a Nguyễn Thị Phương. 
245 # # |a Có nên bằng cấp hóa tiêu chuẩn đại biểu quốc hội /  |c Nguyễn Thị Phương. 
653 # # |a Đại biểu quốc hội 
653 # # |a Luật bầu cử 
653 # # |a Tiêu chuẩn 
773 # # |t Nghiên cứu Lập pháp  |g Số 1(163), 2010, tr. 22-24 
920 # # |a Phòng Tạp chí -- Trung tâm Thông tin - Thư viện Trường Đại học Đà Lạt 
994 # # |a DLU 
900 # # |a True 
911 # # |a Nguyễn Thị Linh Chi 
925 # # |a G 
926 # # |a A 
927 # # |a BB 
980 # # |a Thư viện Trường Đại học Đà Lạt